|
|
|
|
| LEADER |
00000nab a2200000 ar4500 |
| 001 |
vtls010179268 |
| 003 |
SK-MaSNL |
| 005 |
20260303091806.0 |
| 008 |
101015|2010 xo ||||||||||||00 b|slo |
| 015 |
|
|
|a SNBRA2010/10
|2 snkbucl
|
| 038 |
|
|
|a SNKBUCL
|
| 040 |
|
|
|a SNKBUCL
|b slo
|c SNKBUCL
|e AACR2
|
| 041 |
0 |
|
|a slo
|
| 044 |
|
|
|a xo
|c SK
|
| 080 |
|
|
|a 94(437.6)-051
|x "17/18"
|2 2001
|
| 080 |
|
|
|a 811.162.4-26
|x "17/18"
|2 2001
|
| 080 |
|
|
|a 811.162.4
|x (091)
|x "17/18"
|2 2001
|
| 080 |
|
|
|a 82:929:821.162.4
|2 2001
|
| 080 |
|
|
|a 821.162.4:929
|2 2001
|
| 080 |
|
|
|a 82-051
|2 2001
|
| 100 |
1 |
|
|a Halás, Ondrej
|4 aut
|9 698227
|
| 245 |
1 |
0 |
|a Juraj Fándly a bernolákovský úzus spisovnej slovenčiny
|c Ondrej Halás
|
| 504 |
|
|
|a Literatúra
|
| 600 |
1 |
7 |
|a Fándly, Juraj,
|d 1750-1811
|2 snkbucl
|9 36948
|
| 648 |
|
7 |
|a 18. stor.
|2 snkbucl
|9 283423
|
| 650 |
0 |
7 |
|a spisovná slovenčina
|2 snkbucl
|9 66941
|
| 650 |
0 |
7 |
|a bernolákovci
|2 snkbucl
|9 67252
|
| 650 |
0 |
7 |
|a bernolákovská slovenčina
|2 snkbucl
|9 75503
|
| 655 |
|
7 |
|a referáty
|2 snkbucl
|9 70611
|
| 773 |
0 |
|
|t Zborník Matice slovenskej. Jazykoveda. [1] 2010
|d Martin : Matica slovenská, 2010
|g S. 124-127
|z 9788070909638
|
| 852 |
|
|
|a SNK
|b KIS3GCP
|
| 958 |
|
|
|a LX
|
| 958 |
|
|
|a SK
|
| 958 |
|
|
|a NB
|
| 999 |
|
|
|c 1809354
|d 1811284
|